000
00278nam a2200121Ia 4500
008
190216s9999||||xx |||||||||||||| ||und||
100
_a
Reema Thivari
245
0
_a
Hindi - Mobi Dik
260
_b
Chathan Sahithya Mandir
_c
2006
300
_a
127
650
_a
Hindi
942
_c
BK
999
_c
16495
_d
16495